| 000 | 00461nam a2200169Ia 4500 | ||
|---|---|---|---|
| 999 |
_c23792 _d23792 |
||
| 003 | OSt | ||
| 005 | 20201125154303.0 | ||
| 008 | 190216s9999||||xx |||||||||||||| ||und|| | ||
| 040 | _coclc | ||
| 082 |
_a920 _bMAN/K |
||
| 100 |
_aManiam, S V S _96741 |
||
| 245 | 0 |
_aKennediyude Katha / _cS V S Maniyam |
|
| 260 |
_bCurrent Books, _aTrissur; _c1967. |
||
| 300 | _a115p | ||
| 650 | _aOormakurip | ||
| 942 |
_cBK _2ddc _h920 _iMAN/K _k920 _mMAN/K |
||